| 000 | 00877nam a2200277 a 4500 | ||
|---|---|---|---|
| 001 | BRL_1331 | ||
| 005 | 20190320211143.0 | ||
| 008 | 070114s1971----mx-ao#####---#000-0#spa-# | ||
| 041 | _aspa | ||
| 044 | _amx | ||
| 050 | 4 |
_aF1219 _b.M37 1971 |
|
| 100 | 1 |
_aMastache de Escobar, Alba Guadalupe _926549 |
|
| 245 | 1 | 0 |
_aTécnicas prehispánicas del tejido _cAlba Guadalupe Mastache de Escobar. |
| 260 |
_aMéxico _bINAH _c1971 |
||
| 300 |
_a142 p. _bil. ; fotografías ; mapas _c27 cm. |
||
| 440 | 0 |
_aInvestigaciones _v20 _926550 |
|
| 500 | _aAu1591 | ||
| 500 | _aIncluye glosario | ||
| 500 | _aEstado físico: Lomo despegado. | ||
| 504 | _aBibliografía: p. 137-142 | ||
| 650 | 1 | 4 |
_aIndustria textil indígena _xHistoria _zMéxico _926551 |
| 650 | 1 | 4 |
_aIndígenas de México _xAntigüedades _9509 |
| 651 | 4 |
_aMéxico _xAntigüedades _92765 |
|
| 902 | _aGRL | ||
| 942 |
_2lcc _cB |
||
| 999 |
_c10143 _d10143 |
||